• 首页
  • 本馆介绍
  • 公告通知
  • 最新文献
  • 馆藏检索
  • 电子资源
  • 读者导购
  • 参考咨询
  • 我的图书馆
  • 登录
  • 详细信息显示
  • 放入我的书架
  • 预约/预借图书
  • 作者相关作品
  • 分类相关作品
  • 丛书相关作品
  • 出版社相关作品

书目信息

  • 表格格式
  • 工作单格式
  • 卡片格式
题名:
洗涤剂化妆品原料手册
    
 
作者: 李东光 主编
分册:   化妆品原料手册
出版信息: 北京   化学工业出版社  2006
页数: 414页
开本: 21cm
丛书名:
单 册:
中图分类: TQ649.4-62 , TQ658-62
科图分类:
主题词: 洗涤剂--原料--手册 , 化妆品--原料--手册 , 洗涤剂 , 化妆品
电子资源:
ISBN: 7-5025-7650-9
000 01048nam0 2200301 450
001 012007837644
005 20070619151153.18
010    @a7-5025-7650-9@dCNY38.00
100    @a20070514d2006 km y0chiy0120 ea
101 0  @achi
102    @aCN@b110000
105    @ay z 001yy
106    @ar
200 1  @a洗涤剂化妆品原料手册@Axi di ji hua zhuang pin yuan liao shou ce@i化妆品原料手册@f李东光主编@Fli dong guang zhu bian
205    @a2版
210    @a北京@c化学工业出版社@d2006
215    @a414页@d21cm
330    @a本书收录了化妆品用油质原料、合成(半合成)油质原料、粉质原料、胶质原料、溶剂原料以及辅助原料等。每种原料分别列有中英文名称、性质、质量标准、用途、制法、包装与贮运等。
517 1  @a化妆品原料手册@Ahua zhuang pin yuan liao shou ce
606 0  @a洗涤剂@x原料@j手册
606 0  @a化妆品@x原料@j手册
606 0  @a洗涤剂
606 0  @a化妆品
690    @aTQ649.4-62@v4
690    @aTQ658-62@v4
701  0 @a李东光@Ali dong guang@c(合成洗涤剂工业)@4主编
801  0 @aCN@bRULIN@c20070619
905    @dTQ649.4-62@e23=2@s8
    
    洗涤剂化妆品原料手册.化妆品原料手册/李东光主编.-2版.-北京:化学工业出版社,2006
    414页;21cm
    
    
    ISBN 7-5025-7650-9:CNY38.00
    本书收录了化妆品用油质原料、合成(半合成)油质原料、粉质原料、胶质原料、溶剂原料以及辅助原料等。每种原料分别列有中英文名称、性质、质量标准、用途、制法、包装与贮运等。
●
相关链接 在E读中查询图书 在五车中查询图书 在当当中查询图书 在豆瓣中查询图书


正题名:洗涤剂化妆品原料手册     索取号:TQ649.4-62/23=2         预约/预借

序号 登录号 条形码 馆藏地/架位号 状态 备注
1 0574103   205741036   第二样本阅览室/ [索取号:TQ649.4-62/23=2] 在馆    
2 0574104   205741045   密集书库/ [索取号:TQ649.4-62/23=2] 在馆    
3 0574105   205741054   第三借阅区/ [索取号:TQ649.4-62/23=2] 在馆    
4 0574106   205741063   第三借阅区/ [索取号:TQ649.4-62/23=2] 在馆    
5 0574107   205741072   密集书库/ [索取号:TQ649.4-62/23=2] 在馆    
6 0574108   205741081   第三借阅区/ [索取号:TQ649.4-62/23=2] 在馆    
7 0574109   205741090   第三借阅区/ [索取号:TQ649.4-62/23=2] 在馆    
8 0574110   205741107   密集书库/ [索取号:TQ649.4-62/23=2] 在馆    
唐山师范学院图书馆 欢迎您!
大连网信软件有限公司© 版权所有